[Event "Landesliga Sued 1213 U20"]
[Site "Bayern"]
[Date "2013.01.19"]
[Round "5.1"]
[White "Voggenreiter, Simon"]
[Black "Tafertshofer, Matthias"]
[Result "1/2-1/2"]
[WhiteElo "1762"]
[BlackElo "1852"]
[PlyCount "24"]
[EventDate "2012.10.20"]
[EventType "team-tourn"]
[EventRounds "7"]
[EventCountry "GER"]
[SourceTitle "EXT 2020"]
[Source "ChessBase"]
[SourceDate "2019.10.17"]
[SourceVersion "1"]
[SourceVersionDate "2019.10.17"]
[SourceQuality "1"]
[WhiteTeam "Freising SK U20"]
[BlackTeam "Weilheim U20"]
[WhiteTeamCountry "GER"]
[BlackTeamCountry "GER"]

1. e4 e6 2. d4 d5 3. Nc3 Bb4 4. e5 Ne7 5. f4 c5 6. a3 Bxc3+ 7. bxc3 Qa5 8. Bd2 Nbc6 9. Nf3 Qa4 10. Be3 Nf5 11. Bf2 Bd7 12. Bd3 Qa5 1/2-1/2

[Event "Landesliga Sued 1112"]
[Site "Bayern"]
[Date "2012.03.18"]
[Round "8.8"]
[White "Tafertshofer, Matthias"]
[Black "Giss, Helene"]
[Result "0-1"]
[WhiteElo "1839"]
[BlackElo "2011"]
[PlyCount "56"]
[EventDate "2011.10.02"]
[EventType "team-tourn"]
[EventRounds "9"]
[EventCountry "GER"]
[SourceTitle "EXT 2015"]
[Source "ChessBase"]
[SourceDate "2014.11.20"]
[SourceVersion "1"]
[SourceVersionDate "2014.11.20"]
[SourceQuality "1"]
[WhiteTeam "Weilheim"]
[BlackTeam "Dillingen"]
[WhiteTeamCountry "GER"]
[BlackTeamCountry "GER"]

1. d4 e6 2. c4 Nf6 3. Nc3 d5 4. Nf3 c6 5. Bg5 Be7 6. e3 0-0 7. Bd3 Nbd7 8. 0-0 Re8 9. Qc2 dxc4 10. Bxc4 Nb6 11. Bd3 Nbd5 12. a3 h6 13. Bh4 Ng4 14. Bxe7 Qxe7 15. Rfe1 Nxc3 16. Qxc3 e5 17. Nxe5 Nxe5 18. dxe5 Qxe5 19. Qxe5 Rxe5 20. Rad1 Be6 21. e4 Bb3 22. Rd2 Rd8 23. Ree2 Rc5 24. f4 Kf8 25. Kf2 Ke7 26. Ke3 Rc1 27. e5 f6 28. Bf5 fxe5 0-1

[Event "Landesliga Sued 1112"]
[Site "Bayern"]
[Date "2011.12.11"]
[Round "4.8"]
[White "Tafertshofer, Matthias"]
[Black "Sailer, Wolfgang"]
[Result "0-1"]
[WhiteElo "1839"]
[BlackElo "2033"]
[PlyCount "124"]
[EventDate "2011.10.02"]
[EventType "team-tourn"]
[EventRounds "9"]
[EventCountry "GER"]
[SourceTitle "EXT 2013"]
[Source "ChessBase"]
[SourceDate "2012.11.22"]
[SourceVersion "1"]
[SourceVersionDate "2012.11.22"]
[SourceQuality "1"]
[WhiteTeam "Weilheim"]
[BlackTeam "Ingolstadt"]
[WhiteTeamCountry "GER"]
[BlackTeamCountry "GER"]

1. d4 Nf6 2. c4 c5 3. d5 e5 4. Nc3 d6 5. e4 g6 6. Nf3 Bg7 7. Bd3 0-0 8. 0-0 Nh5 9. Ne1 Nf4 10. Bc2 f5 11. Bxf4 exf4 12. f3 fxe4 13. fxe4 Nd7 14. Nd3 Ne5 15. Nxe5 Bxe5 16. Rb1 Qg5 17. Kh1 Bg4 18. Qd2 Rae8 19. Bd1 Bc8 20. Bf3 Qh4 21. Qe1 Qh6 22. Nd1 g5 23. Nf2 Qg6 24. Qe2 Re7 25. Bh5 Qg7 26. b4 cxb4 27. Rxb4 Bd4 28. h3 b6 29. Rb3 Bxf2 30. Rxf2 Qd4 31. Bf3 Bf5 32. Rf1 Bxe4 33. Bxe4 Rxe4 34. Qg4 Qe5 35. h4 f3 36. Qxg5+ Qxg5 37. hxg5 fxg2+ 38. Kxg2 Rxf1 39. Kxf1 Rxc4 40. Ra3 Rc7 41. Ke2 Kg7 42. Ke3 Kg6 43. Kf4 Rf7+ 44. Kg4 Rf5 45. Rxa7 Rxg5+ 46. Kh4 Rxd5 47. Ra8 Kf5 48. Rf8+ Ke4 49. Ra8 Ke3 50. Ra3+ Rd3 51. Ra6 b5 52. Kg5 Ke4 53. Kh6 d5 54. Kxh7 d4 55. Rb6 Ra3 56. Rxb5 Rxa2 57. Kg6 Rf2 58. Rb8 Ke3 59. Re8+ Kd2 60. Rd8 d3 61. Kg5 Ke2 62. Re8+ Kd1 0-1

[Event "Landesliga Sued 1112"]
[Site "Bayern"]
[Date "2011.10.02"]
[Round "1.8"]
[White "Benischek, Wolfgang"]
[Black "Tafertshofer, Matthias"]
[Result "1/2-1/2"]
[WhiteElo "2016"]
[BlackElo "1839"]
[PlyCount "59"]
[EventDate "2011.10.02"]
[EventType "team-tourn"]
[EventRounds "9"]
[EventCountry "GER"]
[SourceTitle "EXT 2013"]
[Source "ChessBase"]
[SourceDate "2012.11.22"]
[SourceVersion "1"]
[SourceVersionDate "2012.11.22"]
[SourceQuality "1"]
[WhiteTeam "Freising"]
[BlackTeam "Weilheim"]
[WhiteTeamCountry "GER"]
[BlackTeamCountry "GER"]

1. e4 e6 2. d4 d5 3. Nd2 Be7 4. e5 c5 5. c3 Nc6 6. Ngf3 a5 7. Bd3 Nh6 8. 0-0 cxd4 9. cxd4 Nf5 10. Bb1 Qb6 11. Nb3 a4 12. Nc5 Nfxd4 13. Nxd4 Bxc5 14. Nxc6 bxc6 15. Qg4 g6 16. Qf4 Ba6 17. Qf6 Rg8 18. Re1 Qb4 19. Rd1 Be2 20. Rd2 Qc4 21. Rc2 Qb5 22. Bg5 Bg4 23. h3 Bf5 24. Rxc5 Qxc5 25. Bxf5 gxf5 26. Rc1 Qf8 27. Rxc6 Rg6 28. Ra6 Rc8 29. Rc6 Ra8 30. Ra6 1/2-1/2

[Event "Landesliga Sued 1011"]
[Site "Bayern"]
[Date "2011.04.10"]
[Round "9.8"]
[White "Tafertshofer, Matthias"]
[Black "Garbotz, Julian"]
[Result "1-0"]
[WhiteElo "1840"]
[BlackElo "1902"]
[PlyCount "57"]
[EventDate "2010.10.10"]
[EventType "team-tourn"]
[EventRounds "9"]
[EventCountry "GER"]
[SourceTitle "EXT 2012"]
[Source "ChessBase"]
[SourceDate "2011.11.24"]
[SourceVersion "1"]
[SourceVersionDate "2011.11.24"]
[SourceQuality "1"]
[WhiteTeam "Weilheim"]
[BlackTeam "Muenchen Zugzwang"]
[WhiteTeamCountry "GER"]
[BlackTeamCountry "GER"]

1. d4 d5 2. c4 e6 3. Nf3 Nf6 4. e3 Be7 5. b3 b6 6. Bd3 Bb7 7. Bb2 0-0 8. 0-0 c5 9. Nc3 Ne4 10. Qe2 f5 11. Rad1 Nd7 12. Ne5 cxd4 13. exd4 Nxe5 14. dxe5 Nxc3 15. Bxc3 Qe8 16. cxd5 Rc8 17. d6 Rxc3 18. dxe7 Qxe7 19. Bc4 Rc8 20. Qd2 R3xc4 21. bxc4 Rxc4 22. Qd8+ Qf8 23. Qxf8+ Kxf8 24. Rd7 Bd5 25. Rxa7 b5 26. Rb1 Rd4 27. f3 Bc4 28. a4 Rd5 29. Rc1 1-0

[Event "Landesliga Sued 1011"]
[Site "Bayern"]
[Date "2011.03.20"]
[Round "8.8"]
[White "Jermann, Frank"]
[Black "Tafertshofer, Matthias"]
[Result "1-0"]
[WhiteElo "2060"]
[BlackElo "1840"]
[PlyCount "141"]
[EventDate "2010.10.10"]
[EventType "team-tourn"]
[EventRounds "9"]
[EventCountry "GER"]
[SourceTitle "EXT 2012"]
[Source "ChessBase"]
[SourceDate "2011.11.24"]
[SourceVersion "1"]
[SourceVersionDate "2011.11.24"]
[SourceQuality "1"]
[WhiteTeam "Kriegshaber"]
[BlackTeam "Weilheim"]
[WhiteTeamCountry "GER"]
[BlackTeamCountry "GER"]

1. d4 Nf6 2. c4 e5 3. dxe5 Ng4 4. Bf4 Nc6 5. Nf3 Bb4+ 6. Nbd2 Qe7 7. e3 Ngxe5 8. Nxe5 Nxe5 9. Be2 d6 10. 0-0 Bxd2 11. Qxd2 0-0 12. Rac1 b6 13. b4 Nd7 14. Bf3 Rb8 15. Rfd1 Bb7 16. Bxb7 Rxb7 17. Qd5 Rbb8 18. a4 a5 19. bxa5 bxa5 20. Qxa5 Nc5 21. Rb1 Ra8 22. Qb5 Rxa4 23. Ra1 Raa8 24. Qc6 Rab8 25. Ra7 Ne6 26. Bg3 Qe8 27. Qd5 Ra8 28. Rxa8 Qxa8 29. e4 Re8 30. f3 Kf8 31. h4 g6 32. Bf2 Qxd5 33. cxd5 Nf4 34. Be3 Ne2+ 35. Kf2 Nc3 36. Rc1 Nb5 37. Rb1 Rb8 38. Bg5 Ke8 39. Bf6 Kd7 40. Ke3 c6 41. dxc6+ Kxc6 42. g4 Re8 43. Kf4 Nc7 44. Rc1+ Kd7 45. Rd1 Re6 46. g5 Ne8 47. Bc3 Ke7 48. Ra1 Kf8 49. Ra8 Re7 50. Bb4 Rd7 51. e5 Ke7 52. exd6+ Nxd6 53. Rh8 Ke6 54. Bxd6 Rxd6 55. Rxh7 Ra6 56. Rh8 f6 57. gxf6 Kxf6 58. Rf8+ Kg7 59. Re8 Rf6+ 60. Kg4 Rf5 61. f4 Kf7 62. Re5 Rf6 63. Kg5 Rd6 64. Ra5 Rd7 65. h5 gxh5 66. Rf5+ Kg7 67. Kxh5 Rf7 68. Rg5+ Kf6 69. Kg4 Rg7 70. Rxg7 Kxg7 71. Kg5 1-0